000 00367 a2200157 4500
001 75553
020 _a9788506066461
040 _cAnchieta - Colégio São Paulo
100 _aBarbosa, Rogério Andrade
240 1 0 _aO anel de Tutancâmon
_lpor
245 1 0 _aO anel de Tutancâmon
300 _a95
362 0 _a2011
650 4 _aLiteratura juvenil
942 _cBK
999 _c75553
_d75553